| 000 | 00505nam a2200205Ia 4500 | ||
|---|---|---|---|
| 003 | OSt | ||
| 005 | 20230506125629.0 | ||
| 008 | 210423s2005 xx 000 0 und d | ||
| 020 | _a195674014 | ||
| 040 | _cAL | ||
| 041 | _aeng | ||
| 082 |
_a541.28 _223 _bBROJ |
||
| 100 |
_aBROWN (John M). _999421 |
||
| 245 | _aMolecular spectroscopy. | ||
| 260 |
_aNew Delhi _bOxford University Press _c2005 |
||
| 300 |
_a89,1 _bPB |
||
| 365 |
_b125 _cINR |
||
| 906 | _aMolecular ; spectroscopy | ||
| 942 |
_2ddc _cBK |
||
| 999 |
_c163765 _d163765 |
||